Relief against forfeiture: chattel leasing (Record no. 65374)

MARC details
000 -LEADER
fixed length control field 01415cam a2200277 4500
001 - CONTROL NUMBER
control field ABS63198
008 - FIXED-LENGTH DATA ELEMENTS--GENERAL INFORMATION
fixed length control field 000000n2000 000 0 eng u
035 ## - SYSTEM CONTROL NUMBER
System control number (Sirsi) u109498
100 ## - MAIN ENTRY--PERSONAL NAME
Personal name Pawlowski, M
245 ## - TITLE STATEMENT
Title Relief against forfeiture: chattel leasing
260 ## - PUBLICATION, DISTRIBUTION, ETC.
Date of publication, distribution, etc. 2000
490 ## - SERIES STATEMENT
Series statement Solicitors' Journal
Volume/sequential designation 144(41) 3 November 2000, 1004-1005(2)
520 ## - SUMMARY, ETC.
Summary, etc. Looks at how recent case law has seen equitable relief against forfeiture extend beyond the lease of land to commercial transactions involving the transfer of proprietary or possessory rights in personal property. Discusses in detail the recent CA decision in "On Demand Information plc v Michael Gerson (Finance) plc", which has confirmed that the court does have jurisdiction to grant relief against forfeiture of a lease of chattels, given certain provisos. Concludes that the "Gerson" case has gone a long way to clarify this area of the law, but the exact nature of the 'possessory' right eligible for equitable relief still needs to be decided by the courts. Case law.
590 ## - LOCAL NOTE (RLIN)
Local note ABS
650 ## - SUBJECT ADDED ENTRY--TOPICAL TERM
Topical term or geographic name entry element FORFEITURE
650 ## - SUBJECT ADDED ENTRY--TOPICAL TERM
Topical term or geographic name entry element LEASES
650 ## - SUBJECT ADDED ENTRY--TOPICAL TERM
Topical term or geographic name entry element EQUITABLE RELIEF
650 ## - SUBJECT ADDED ENTRY--TOPICAL TERM
Topical term or geographic name entry element POSSESSORY TITLE
650 ## - SUBJECT ADDED ENTRY--TOPICAL TERM
Topical term or geographic name entry element PROPRIETARY INTEREST IN LAND
650 ## - SUBJECT ADDED ENTRY--TOPICAL TERM
Topical term or geographic name entry element RELIEF FROM FORFEITURE
650 ## - SUBJECT ADDED ENTRY--TOPICAL TERM
Topical term or geographic name entry element CHATTELS
650 ## - SUBJECT ADDED ENTRY--TOPICAL TERM
Topical term or geographic name entry element LEASES
650 ## - SUBJECT ADDED ENTRY--TOPICAL TERM
Topical term or geographic name entry element LAW OF PROPERTY ACT 1925 S146
690 ## - LOCAL SUBJECT ADDED ENTRY--TOPICAL TERM (OCLC, RLIN)
Topical term or geographic name as entry element LANDLORD AND TENANT-LEASES
942 ## - ADDED ENTRY ELEMENTS (KOHA)
Suppress in OPAC 0
Holdings
Withdrawn status Lost status Source of classification or shelving scheme Damaged status Not for loan Home library Current library Shelving location Date acquired Total Checkouts Full call number Barcode Date last seen Copy number Price effective from Koha item type
    Dewey Decimal Classification     London London Journal article 24/11/2000   ABS63198 109498-1001 06/08/2019 1 06/08/2019 Journal article